Statistics for Songs Played Live the Most Times - Metallica

Click here to take the quiz!

General Stats

  • This quiz has been taken 285 times
  • The average score is 15 of 20

Answer Stats

# Times PlayedSong% Correct
1282Enter Sandman
97%
1600Master of Puppets
96%
1454One
96%
1160Nothing Else Matters
90%
1456Seek & Destroy
87%
1450For Whom the Bell Tolls
85%
1188Fade to Black
83%
1487Creeping Death
82%
446The Unforgiven
82%
1267Sad but True
81%
954Battery
76%
490Fuel
68%
352Ride the Lightning
66%
960Welcome Home (Sanitarium)
65%
903Whiplash
59%
501Blackened
58%
782Harvester of Sorrow
55%
792Wherever I May Roam
50%
551The Four Horsemen
48%
360King Nothing
28%

Score Distribution

Percentile by Number Answered

Percent of People with Each Score

Your Score History

You have not taken this quiz